Polozapomenuté postavy ekonomického myšlení – O. R. Lange

Život a kariéra Oskara Ryszarda Langeho (1904-1965), poľského ekonóma.

Enregistré dans:
Détails bibliographiques
Auteur principal: Sirůček, Pavel
Format: Chapitre de livre
Langue:tchèque
Sujets:
Tags: Ajouter un tag
Pas de tags, Soyez le premier à ajouter un tag!

MARC

LEADER 00000naa a2200000 4500
001 0229213
005 20220722092005.9
041 0 |a cze 
044 |a CZ 
245 1 0 |a Polozapomenuté postavy ekonomického myšlení – O. R. Lange  |c Pavel Sirůček 
520 |a Život a kariéra Oskara Ryszarda Langeho (1904-1965), poľského ekonóma. 
610 2 0 |a veda ekonomická 
610 2 0 |a dejiny myslenia ekonomického 
610 2 0 |a Lange, Oskar Ryszard 
100 1 |a Sirůček, Pavel